<?xml version="1.0" encoding="UTF-8"?>
<marc:record xmlns:marc="http://www.loc.gov/MARC21/slim">
   <marc:leader>00000nam a2200000 a 4500</marc:leader>
   <marc:datafield ind1="1" ind2=" " tag="100">
      <marc:subfield code="a">Dusy, Tanja</marc:subfield>
      <marc:subfield code="4">aut</marc:subfield>
      <marc:subfield code="e">Verfasser/-in</marc:subfield>
   </marc:datafield>
   <marc:datafield ind1="0" ind2="0" tag="245">
      <marc:subfield code="a">Wok</marc:subfield>
   </marc:datafield>
   <marc:datafield ind1="0" ind2="0" tag="245">
      <marc:subfield code="c">Autorin: Tanja Dusy. Fotos: Jörn Rynio</marc:subfield>
   </marc:datafield>
   <marc:datafield ind1=" " ind2="1" tag="264">
      <marc:subfield code="a">München</marc:subfield>
      <marc:subfield code="b">Gräfe und Unzer</marc:subfield>
      <marc:subfield code="c">2006</marc:subfield>
   </marc:datafield>
   <marc:datafield ind1="1" ind2=" " tag="520">
      <marc:subfield code="a">Exotische Rezepte für die schnelle Küche. (VL)      Die meiste Arbeit macht das Schnipseln, sollten doch alle Zutaten klein geschnitten sein, damit sie in wenigen Minuten gegart werden können. Davon abgesehen macht die Wok-Küche recht wenig Mühe. Von China bis Indien erfreut sich die halbkugelige Pfanne traditionell großer Beliebtheit und entsprechend vielfältig sind die Rezepte. Seit einigen Jahren hat der Wok auch im Westen seinen Siegeszug angetreten, da dank der kurzen Garzeiten Vitamine und Nährstoffe im Essen erhalten bleiben. Vom indonesischen Klassiker Nasi Goreng bis zu originellen Kombinationen wie Rinderfilet mit Zitronengras und Mangold reicht die bunte Palette exotischer Rezepte, die hier versammelt sind. Die passenden asiatischen Gewürzmischungen findet man mittlerweile in vielen Supermärkten, zusammen mit Kokosmilch, Mie-Nudeln, Shiitakepilzen und Tofu.  Das Schönste an dem kleinen Buch: Es macht Lust auf eigene Experimente. Viel kann dabei nicht schief gehen, denn mit einer Prise Curry oder einem Löffelchen Sambal Oelek schmeckt schließlich jedes Gericht interessant asiatisch.   *bn* Renate Langer</marc:subfield>
   </marc:datafield>
   <marc:datafield ind1=" " ind2=" " tag="020">
      <marc:subfield code="a">9783833803215</marc:subfield>
      <marc:subfield code="9">9783833803215</marc:subfield>
   </marc:datafield>
   <marc:datafield ind1=" " ind2=" " tag="041">
      <marc:subfield code="a">ger</marc:subfield>
   </marc:datafield>
   <marc:datafield ind1="1" ind2=" " tag="521">
      <marc:subfield code="a">0</marc:subfield>
   </marc:datafield>
   <marc:datafield ind1=" " ind2=" " tag="300">
      <marc:subfield code="a">62 S. : zahlr. Ill.</marc:subfield>
   </marc:datafield>
</marc:record>
